|
|
|
|
| LEADER |
00000nab a2200000 a 4500 |
| 001 |
vtls011104532 |
| 003 |
SK-MaSNL |
| 005 |
20260303113754.0 |
| 008 |
230121|2006 xo |||||||||||||||||slo| |
| 015 |
|
|
|a SNBRB
|
| 035 |
|
|
|a (uuid)3271678d-3932-48fa-a336-30a088cedace
|
| 035 |
|
|
|a (urnnbn)urn:nbn:sk:snk:ar-a08794
|
| 035 |
|
|
|a urn:nbn:sk:snk-ab9ays
|
| 040 |
|
|
|a SNKBUCL
|b slo
|c SNKBUCL
|e AACR2
|
| 041 |
0 |
|
|a slo
|
| 044 |
|
|
|a xo
|c SK
|
| 100 |
1 |
|
|a Šimegh, Peter
|4 aut
|9 26909
|
| 245 |
1 |
0 |
|a Public relations vzdelávacích inštitúcií
|c Peter Šimegh, Viktor Fabian
|
| 700 |
1 |
|
|a Fabian, Viktor
|4 aut
|9 1127700
|
| 773 |
0 |
|
|t Podniková revue : vedecký časopis Podnikovohospodárskej fakulty Ekonomickej univerzity v Bratislave so sídlom v Košiciach
|g Roč. 5, č. 9 (2006), s. 71-80
|
| 954 |
|
|
|a odborná, vedecká literatúra pôvodná (slovenská)
|2 lita
|
| 958 |
|
|
|a OND
|
| 958 |
|
|
|a EUIPO
|
| 958 |
|
|
|a article13
|
| 999 |
|
|
|c 1894750
|d 1896680
|